BGMEA University of Fashion and Technology
University Library

Knittng technology : (Record no. 2971)

MARC details
000 -LEADER
fixed length control field 00556nam a22002057a 4500
001 - CONTROL NUMBER
control field 2971
003 - CONTROL NUMBER IDENTIFIER
control field BD-DhBUF
005 - DATE AND TIME OF LATEST TRANSACTION
control field 20260121121124.0
008 - FIXED-LENGTH DATA ELEMENTS--GENERAL INFORMATION
fixed length control field 260121b bg ||||| |||| 00| 0 ben d
020 ## - INTERNATIONAL STANDARD BOOK NUMBER
International Standard Book Number 1855733331
040 ## - CATALOGING SOURCE
Original cataloging agency BD-DhBUF
Transcribing agency BD-DhBUF
100 ## - MAIN ENTRY--PERSONAL NAME
Personal name Spencer, David J
9 (RLIN) 870
245 ## - TITLE STATEMENT
Title Knittng technology :
Remainder of title a comprehensive handbook and practical guide /
Statement of responsibility, etc. David J Spencer,
250 ## - EDITION STATEMENT
Edition statement 3rd ed.
260 ## - PUBLICATION, DISTRIBUTION, ETC.
Place of publication, distribution, etc. England :
Name of publisher, distributor, etc. Woodhead,
Date of publication, distribution, etc. C 2001.
300 ## - PHYSICAL DESCRIPTION
Extent xxv, 386p. :
Dimensions 21cm. ;
526 ## - STUDY PROGRAM INFORMATION NOTE
Program name KMT
650 ## - SUBJECT ADDED ENTRY--TOPICAL TERM
Topical term or geographic name entry element Knitting
942 ## - ADDED ENTRY ELEMENTS (KOHA)
Source of classification or shelving scheme Dewey Decimal Classification
Koha item type Books
Holdings
Withdrawn status Lost status Source of classification or shelving scheme Damaged status Not for loan Home library Current library Date acquired Total Checkouts Full call number Barcode Date last seen Copy number Price effective from Koha item type
    Dewey Decimal Classification     BUFT Library BUFT Library 05/16/2011   677.028245 S7441k 2001 2011-0124 01/21/2026 C-1 01/21/2026 Books
Copyright © 2019-2023 | BUFT Library
BGMEA University of Fashion and Technology
Library Home | University Home
| Maintained by Library Team